| 000 | 00467nam a2200169Ia 4500 | ||
|---|---|---|---|
| 999 |
_c13103 _d13103 |
||
| 003 | OSt | ||
| 005 | 20201016142414.0 | ||
| 008 | 190216s9999||||xx |||||||||||||| ||und|| | ||
| 040 | _coclc | ||
| 082 |
_a598.2 _bARA/W |
||
| 100 |
_aAra, Jamal _95830 |
||
| 245 | 0 |
_aWatching Birds / _cJamal Ara |
|
| 260 |
_bNational Book Trust India , _c1970. _aNew Delhi: |
||
| 300 | _a64p | ||
| 650 | _aEnglish | ||
| 942 |
_cBK _2ddc _h598.2 _iARA/W _k598.2 _mARA/W |
||